El búho que no podía ulular

Gespeichert in:
Bibliographische Detailangaben
Hauptverfasser: Fisher, Robert (autor), Kelly, Beth (VerfasserIn)
Format: Buch
Sprache:Spanisch
Veröffentlicht: Barcelona Obelisco 1999
Schriftenreihe:Colección Nueva Consciencia
Schlagworte:
Tags: Tag hinzufügen
Keine Tags, Fügen Sie den ersten Tag hinzu!

MARC

LEADER 00000nam a2200000 a 4500
001 UCO0485
003 CL-VaPUC
008 000420e19990000SP |||||||||||||||||spa|d
082 0 4 |a 813  |b FIS  |2 21 
100 |a Fisher, Robert  |e autor  |9 441800 
700 0 |a Kelly, Beth  |e author  |9 441801 
245 1 3 |a El búho que no podía ulular 
300 |a 99 p 
942 |c BK 
945 |d 20000420 00:00:00  |a rbrito 
260 |a Barcelona  |b Obelisco  |c 1999 
650 0 |a Cuentos estadounidenses  |9 265133 
583 |a last modification  |c 20000420 00:00:00  |k Rodrigo Vera 
490 0 |a Colección Nueva Consciencia 
999 |c 287183  |d 287181 
952 |0 0  |1 0  |4 0  |6 813_000000000000000_FIS_1999  |7 0  |8 A  |9 333646  |a BIBEDU  |b BIBEDU  |d 2019-11-20  |i 360831K  |o 813 FIS 1999  |p 360831K  |r 2019-11-20  |w 2019-11-20  |y BK  |k EPE